Normal view MARC view
  • Suárez Lantarón, Belén

Entry Nombre Personal

Number of records used in: 1

001 - NUMERO DE CONTROL

  • campo de control: 49401

003 - IDENTIFICADOR DE NUMERO DE CONTROL

  • campo de control: UPN

005 - FECHA Y HORA DE LA ÜLTIMA TRANSACCIÓN

  • campo de control: 20230803135430.0

008 - DATOS DE LONGITUD FIJA

  • campo de control de longitud fija: 230616|| acn||aabn | a|a d

024 ## - OTROS IDENTIFICADORES NORMALIZADOS

  • Fuente: orcid
  • Número normalizado o código: https://orcid.org/0000-0003-2917-0495

040 ## - FUENTE DE CATALOGACIÓN

  • Agencia original de catalogación: MX-MxUPN

100 1# - ENCABEZAMIENTO - NOMBRE PERSONAL

  • Nombre personal: Suárez Lantarón, Belén

370 ## - LUGAR ASOCIADO

  • Place of birth: España

371 ## - DIRECCIÓN

  • Electronic mail address: bslantaron@unex.es

372 ## - CAMPO DE ACTIVIDAD

  • Field of activity: Psicología y ciencias de la educación
  • Field of activity: Docencia e investigación

373 ## - GRUPO ASOCIADO

  • Associated group: Universidad de Extremadura

374 ## - OCUPACIÓN

  • Occupation: Psicóloga
  • Occupation: Profesora e investigadora universitaria

670 ## - FUENTE EN LA QUE SE LOCALIZARON DATOS

  • Cita de la fuente: En recurso en línea Campo abierto : revista de educación Vol. 41, no. 2 (2022):
  • Información localizada: página 147 (Belén Suárez Lantarón)
  • Uniform Resource Identifier: https://mascvuex.unex.es/revistas/index.php/campoabierto/article/view/4429/2872

902 ## - CATALOGADOR

  • Catalogador: RGJD/160623